00989nam a22003017a 45000010005000000030006000050050017000110080041000280200018000690400029000870500018001160820010001341000021001442450084001652600050002493000065002994900012003645050008003765200091003845210029004755210020005046500022005246500020005466500024005666500028005906500029006187000040006478231FISKH20250904103609.0250904b cb ||||| |||| 00| 0 eng d a9780395779392 aFISKHbengcFISKHdFISKH a PZ7.H31115 J a813.5 aHavill, Juanita  aJamaica and Brianna / cBy Juanita Havill : Illustrated by Anne Sibley O'Brien  aBoston : bHoughton Mifflin Company , c1993. a32 unnumbered pages : bcolor illustrations ;c20 x 22 cm .  aJamaica aJ  aJamaica hates wearing hand-me-down boots when her friend Brianna has pink fuzzy ones. 8 a500 bLexile estimate 8 aJ bRaz-Plus  aJealousyvFiction aBoots vFiction aFriendshipvFiction aAfro-AmericansvFiction aAsian-AmericansvFiction aBrien, Anne Sibley O'eIllustrator